000 00533nam a22001577a 4500
003 NUST
038 _aNusrat Nadeem
082 _a200
100 _aSana Hamyun
_9133500
245 _aWhen Nature Speaks: A Mediated Moderation analysis of how Destination Anthropomorphism shapes Travel Intention/
_c Hamyun Sana
264 _aIslamabad:
_bNBS NUST.
_c2026.
650 _aMS-Marketing
_9130980
700 _aSupervisor: Dr. Muhammad Kashif
_9133501
856 _uhttp://10.250.8.41:8080/xmlui/handle/123456789/57407
942 _2ddc
_cSC
999 _c616462
_d616462